书目信息 |
| 题名: |
化学工艺学
|
|
| 作者: | 黄仲九 , 房鼎业 主编 | |
| 分册: | ||
| 出版信息: | 北京 高等教育出版社 2002.05 |
|
| 页数: | 745页 | |
| 开本: | 24cm | |
| 丛书名: | ||
| 单 册: | ||
| 中图分类: | TQ03 | |
| 科图分类: | ||
| 主题词: | 化学反应过程 | |
| 电子资源: | ||
| ISBN: | 7-04-009330-8 | |
| 000 | 00647nam0 2200217 45 | |
| 001 | 0258961394 | |
| 005 | 2002061016224070 | |
| 010 | @a7-04-009330-8@dRMB 39.10 | |
| 100 | @a20020610d2002 km y0chiy0120 ea | |
| 101 | 0 | @achi |
| 102 | @aCN@b110000 | |
| 200 | 1 | @a化学工艺学@AHua Xue Gong Yi Xue@f黄仲九,房鼎业主编@Fhuang zhong jiu,fang ding ye zhu bian |
| 210 | @a北京@c高等教育出版社@d2002.05 | |
| 215 | @a745页@d24cm | |
| 300 | @a面向21世纪课程教材 | |
| 606 | 0 | @a化学反应过程 |
| 690 | @aTQ03@v3 | |
| 701 | 0 | @a黄仲九@Ahuang zhong jiu@4主编 |
| 701 | 0 | @a房鼎业@Afang ding ye@4主编 |
| 801 | 0 | @aCN@bPFT@c20020610 |
| 905 | @a安徽大学@dTQ03@eH920 | |
| 化学工艺学/黄仲九,房鼎业主编.-北京:高等教育出版社,2002.05 |
| 745页;24cm |
| 面向21世纪课程教材 |
| ISBN 7-04-009330-8:RMB 39.10 |
| ● |
| 相关链接 |
|
|
|
正题名:化学工艺学
索取号:TQ03/H920
 
预约/预借
| 序号 | 登录号 | 条形码 | 馆藏地/架位号 | 状态 | 备注 |
| 1 | 361775 | 203617755 | 自科库501/ [索取号:TQ03/H920] | 在馆 | |
| 2 | 361776 | 203617764 | 材料与化工学院资料室/ [索取号:TQ03/H920] | 在馆 | |
| 3 | 361777 | 203617773 | 材料与化工学院资料室/ [索取号:TQ03/H920] | 在馆 |